书目信息 |
| 题名: |
乡村教师生活的历史考察
|
|
| 作者: | 高盼望 著 | |
| 分册: | ||
| 出版信息: | 北京 中国社会科学出版社 2021.07 |
|
| 页数: | 228页 | |
| 开本: | 24cm | |
| 丛书名: | ||
| 单 册: | ||
| 中图分类: | G451.4 | |
| 科图分类: | ||
| 主题词: | 农村学校--教师--社会生活--研究--中国 | |
| 电子资源: | ||
| ISBN: | 978-7-5203-8697-5 | |
| 000 | 01135nam0 2200241 450 | |
| 001 | 012001000743 | |
| 005 | 20141201171007.0 | |
| 010 | @a978-7-5203-8697-5@dCNY85.00 | |
| 100 | @a20220905d2021 em y0chiy50 ea | |
| 101 | 0 | @achi |
| 102 | @aCN@b110000 | |
| 105 | @aa z 000yy | |
| 106 | @ar | |
| 200 | 1 | @a乡村教师生活的历史考察@Axiang cun jiao shi sheng huo de li shi kao cha@f高盼望著 |
| 210 | @a北京@c中国社会科学出版社@d2021.07 | |
| 215 | @a228页@c图@d24cm | |
| 300 | @a山东师范大学教育学省级一流学科建设基金支持 | |
| 330 | @a本书以清末民国时期的乡村教师群体为对象,以其生活背景考察为起点,以其生存状态研究为切入点,对刘大鹏、黄卓甫等具有代表性的乡村教师个人生活史进行了详细考察。通过乡村教师的学校教学、社会交往与时代形象等专题,展示了他们与乡绅、塾师、村民和学生的交往,提供了微观、生动、形象的教师生活图景,展现了该群体心系桑梓、忠于职守的情怀,揭示了其遭遇乡土疏离、职业倦怠的原因,也探讨了相应的机制与路径,以期对各位读者有所助益。 | |
| 606 | 0 | @a农村学校@x教师@x社会生活@x研究@y中国 |
| 690 | @aG451.4@v5 | |
| 701 | 0 | @a高盼望@Agao pan wang@4著 |
| 801 | 0 | @aCN@bAHXH@c20221111 |
| 905 | @b1369883-7@dG451.4@e540@f5 | |
| 乡村教师生活的历史考察/高盼望著.-北京:中国社会科学出版社,2021.07 |
| 228页:图;24cm |
| 山东师范大学教育学省级一流学科建设基金支持 |
| ISBN 978-7-5203-8697-5:CNY85.00 |
| 本书以清末民国时期的乡村教师群体为对象,以其生活背景考察为起点,以其生存状态研究为切入点,对刘大鹏、黄卓甫等具有代表性的乡村教师个人生活史进行了详细考察。通过乡村教师的学校教学、社会交往与时代形象等专题,展示了他们与乡绅、塾师、村民和学生的交往,提供了微观、生动、形象的教师生活图景,展现了该群体心系桑梓、忠于职守的情怀,揭示了其遭遇乡土疏离、职业倦怠的原因,也探讨了相应的机制与路径,以期对各位读者有所助益。 |
| ● |
| 相关链接 |
|
|
|
|
正题名:乡村教师生活的历史考察
索取号:G451.4/540
 
预约/预借
| 序号 | 登录号 | 条形码 | 馆藏地/架位号 | 状态 | 备注 |
| 1 | 1369883 | 213698836 | 第一样本阅览室/ [索取号:G451.4/540] | 在馆 | |
| 2 | 1369884 | 213698845 | 教育系资料室/ [索取号:G451.4/540] | 在馆 | |
| 3 | 1369885 | 213698854 | 教育系资料室/ [索取号:G451.4/540] | 在馆 | |
| 4 | 1369886 | 213698863 | 第四借阅区/ [索取号:G451.4/540] | 在馆 | |
| 5 | 1369887 | 213698872 | 第四借阅区/ [索取号:G451.4/540] | 在馆 |